000 00830nam a2200265Ia 4500
003 OSt
005 20221005062232.0
006 a|||||r|||| 00| 0
007 ta
008 221004b |||||||| |||| 00| 0 eng d
020 _a0415297664 (hbk)
_c9941
024 _a24843
037 _b3421, 31/12/2015, Manohar Publisher & Distributors
_cTextual
040 _aCRL
_cCRL
_beng
041 _2eng
_aeng
082 _aX8(M7).95, P5
100 _aBarnes Ruth Ed.
_9291557
245 0 _aTextiles in indian ocean societies
260 _aLondon
_bRoutledge UK
_c2005
300 _axiv, 198p.
_ccm.
490 _aRoutledge curzon indian ocean series
650 _aECONOMICS
942 _hX8(M7).95, P5
_cTEXL
_2cc
999 _c969397
_d969397